00789nam a22002417a 450000500170000001000110001702000100002803500110003803700160004904000120006508200110007710000280008824500650011626000340018127000360021530000210025165000300027265000220030270000290032494200200035399900190037395201550039220170124110130.0 a138025 c00.00 a138025 bCen Lib/Ret aDPLbEN aNbSIM aSimenon, Georges931958 aThe son /cby Georges Simenon; translated by Daphne Woodward bHamish HamiltonaLondonc1958 bLondona90 Great Russell Street a191p. c18cm(Hb) aFiction in English928291 aShort stories944 aWoodward, Daphne 931959 2ddccENhNmSIM c131504d131504 04104070aLbLd2015-07-15eCen Lib/Retg0.00l0oN SIMp138025r2015-07-15 00:00:00t1v0.00w2015-07-15yENzW/d List No. 6862/2 ; dtd 06/08/2020